01555cam a22003974i 4500003000900000005001700009008004100026020001500067020001800082035002000100040003300120082002200153100003100175245011700206264006500323300003800388336002100426337002500447338002300472504004000495505047200535526001001007526001001017526001001027526001001037526000801047526000801055526000801063526000801071526000801079526000801087526000801095650001601103650002201119650001601141PE-LiUPU20250731173030.0150706s2013 idu rb 000 0 eng d a0816344345 a9780816344345 a(Sirsi) a238322 aPE-LiUPUbspacPE-LiUPUerda04a231.7652bB812201 aBrand, Leonard R.,eautor.10aChoose you this day :bwhy it matters what you believe about creation /cLeonard R. Brand & Richard M. Davidson. 1aNampa, Idaho :bPacific Press Publishing Association,c2013. a126 páginas ;c16 centímetros atext2rdacontent aunmediated2rdamedia avolume2rdacarrier aBibliografía : páginas 125-126.0 aThe challenge -- Resolving the conflicts -- Science helps us undestand the Bible -- What does the Bible say about origins? -- The Bible contributes scientific insights -- Stage 1 conlicts and the origin of evil -- The rise of theistic evolution -- Science and naturalism -- Conflict of interest -- Bible-based predictions -- Creation and the final conflict -- The scientific turn: biological evolution -- Geological history -- Geological time and scientific thinking. aSEG42 aSEG41 aSEG40 aSEG39 aP94 aP87 aP86 aP85 aP77 aP76 aP3504aCreación.04aBiblia y ciencia.04aComenzando.